Optical coherence and quantum optic

Wedi'i Gadw mewn:
Manylion Llyfryddiaeth
Prif Awdur: Mandel, Leonard
Awduron Eraill: Wolf, Emil
Fformat: Anhysbys
Iaith:Saesneg
Cyhoeddwyd: Cambridge, United Kingdom. Cambridge University Press, 1995
Pynciau:
Tagiau: Ychwanegu Tag
Dim Tagiau, Byddwch y cyntaf i dagio'r cofnod hwn!

MARC

LEADER 00000 a2200000 4500
003 CL-VaPUC
005 20210924124612.0
008 210920b1995 ||||| |||| 00| 0 eng d
999 |c 433549  |d 433547 
020 |a 9780521417112 
040 |c Pontificia Universidad Católica de Valparaíso 
082 |a 535.2 MAN 1995 
100 1 |a Mandel, Leonard  |9 863046 
245 |a Optical coherence and quantum optic 
260 |a Cambridge, United Kingdom.  |b Cambridge University Press,  |c 1995 
300 |a 1166 páginas  
583 |k Cristina Rojas  |c 20210920 
650 0 |a Coherencia (Optica)  |9 382844 
650 0 |a Optica cuántica  |9 271670 
700 |a Wolf, Emil  |9 863047 
942 |2 ddc  |c BK 
952 |0 0  |1 0  |2 ddc  |4 0  |6 535_200000000000000_MAN_1995  |7 0  |8 A  |9 578852  |a BIBCUR  |b BIBCUR  |d 2021-09-20  |e 1  |g 88441.00  |i 5588561  |o 535.2 MAN 1995  |p 5588561  |r 2025-04-22  |t 1  |v 88441.00  |w 2021-09-20  |y BK  |k FIS 
952 |0 0  |1 0  |2 ddc  |4 0  |6 535_200000000000000_MAN_1995  |7 0  |8 A  |9 578854  |a BIBCUR  |b BIBCUR  |d 2021-09-20  |e 1  |g 88441.00  |i 5588677  |o 535.2 MAN 1995  |p 5588677  |r 2025-04-22  |t 2  |v 88441.00  |w 2021-09-20  |y BK  |k FIS 
952 |0 0  |1 0  |2 ddc  |4 0  |6 535_200000000000000_MAN_1995  |7 0  |8 A  |9 578877  |a BIBCUR  |b BIBCUR  |d 2021-09-23  |e 1  |g 88441.00  |i 558888K  |o 535.2 MAN 1995  |p 558888K  |r 2025-04-22  |t 3  |v 88441.00  |w 2021-09-23  |y BK  |k FIS